000 00662nam a2200217Ii 4500
003 JO-AjNU
008 230606s9999||||xx |||||||||||||| ||und||
020 _a978-1-260-57524-8
040 _aJO-AjNU
_beng
_erda
_cJO-AjNU
041 _aeng
050 1 4 _aQA76.73.J38.D4264 2021
100 3 _a Dean,John, Raymond Dean,
_eauthor
_96362
245 0 0 _aIntroduction to Programming with Java: A Problem Solving Approach
250 _a3 ed
264 3 1 _aNew york: Mc Graw-Hill,2021
300 _a1014p
336 _atext
_btxt
_2rdacontent
337 _aunmediated
_bn
_2rdamedia
338 _avolume
_bnc
_2rdacarrier
650 4 _aComputer program language
_96363
999 _aE3299
_c3295
_d3295